000 00526nam a22001697a 4500
005 20231127104857.0
008 231127b |||||||| |||| 00| 0 eng d
020 _a9780774830997
041 _aEnglish
082 _a340.1 SEA
100 _lEnglish
245 _aIn Search of the Ethical Lawyer /
_cedited by Dodek, A and Woolley, A
260 _aCanada :
_bUniversity of British Columbia,
_c2016
300 _bviii, 254 pages ;
_c24 cm.
650 _aLegal practice
_bLaw
942 _cBK
_6ALISON_BN_VRIES
999 _c978
_d978